000
00193 a2200097 4500
001
11119
100
_a
N. Y.
245
_a
1955 Pakistan
260
_a
_b
Pakistan Publi
_c
090
_c
8674
_d
8674
942
_a
NUST-CAE
_c
M
_c
35460
999
_c
246192
_d
246192